Most Powerful MCU Characters (Difficult) - Statistics

General Stats
  • This quiz has been taken 151 times
  • The average score is 19 of 40
Answer Stats
Rank Phase (1,2,3 or 4) Answer % Correct
18 3 Iron Man
97%
11 3 Thor (With Mjölnir and Stormbreaker)
93%
20 1 Hulk
90%
17 3 Captain America (With Mjölnir)
85%
1 3 Thanos (With the Infinity Gauntlet)
84%
27 1 Loki
78%
7 3 Captain Marvel
77%
15 3 Spider-Man
71%
22 2 Vision
70%
33 3 Black Panther
69%
8 1 Odin
67%
6 4 Scarlett Witch
67%
9 3 Hela
62%
16 3 Antman
61%
14 3 Dr Strange
61%
10 3 Celestial Peter Quill/Starlord
55%
2 3 Dormammu
51%
12 3 Ancient One
50%
30 3 War Machine
50%
3 3 Ego the Living Planet
49%
39 2 Quicksilver
46%
5 2 Ronan the Accuser (With the Power Stone)
40%
24 1 Abomination
35%
13 3 Ebony Maw
34%
4 3 Surtur
32%
21 2 Malekith (With the Aether)
31%
38 1 Heimdall
30%
34 3 Valkyrie
30%
40 1 Ironmonger
29%
36 3 Killmonger
29%
29 2 Whiplash
29%
23 3 Cull Obsidian
24%
37 3 Yondu
24%
35 2 Aldrich Killian
21%
28 3 Kaecilius
21%
32 1 Laufey
20%
26 4 Agatha Harkness
17%
31 1 Destroyer
15%
19 2 Kurse
14%
25 3 Fenris
7%
No matching quizzes found
Score Distribution
Percent of People with Each Score
Percentile by Number Answered
Your Score History
You have not taken this quiz